000 00292nam a2200121Ia 4500
008 220204s9999 xx 000 0 und d
082 _a66-9
_bSHR
100 _aShreve, R Norris
245 0 _aChemical process industries
250 _aEd.3
260 _aTokyo
_bMcGraw Hill
_c1967
942 _cBK
999 _c24055
_d24055